Gimme 20 II Quiz Stats

 Plays Quiz Updated Aug 26, 2013

Also try: Gimme 20
Challenge
Share
Tweet
Embed
Score 0/20 Timer 06:00
7 Plays Today
% Correct
5
90.1%
18
89.4%
4
88%
1
87.5%
6
87.3%
8
86.4%
16
80.4%
2
77.5%
3
75.5%
19
75.2%
% Correct
7
71.7%
20
65.1%
9
65%
13
63.1%
11
57.2%
10
55.4%
15
52.8%
12
48.9%
17
48%
14
46.5%

You're not logged in!

Compare scores with friends on all Sporcle quizzes.
OR
Log In

You Might Also Like...

Show Comments

Extras

Top Quizzes Today


Score Distribution

Your Account Isn't Verified!

In order to create a playlist on Sporcle, you need to verify the email address you used during registration. Go to your Sporcle Settings to finish the process.

Report this User

Report this user for behavior that violates our Community Guidelines.

Details: